[Event "2. CLANSKA LIGA ZAHOD 2014"]
[Site "Ljubljana"]
[Date "2014.11.08"]
[Round "7.2"]
[White "Luzar, Emil"]
[Black "Vandersmissen, Mathieu"]
[Result "1-0"]
[WhiteElo "2169"]
[BlackElo "2117"]
[PlyCount "69"]
[EventDate "2014.11.08"]
[WhiteTeam "SK DOLENJSKE TOPLICE"]
[BlackTeam "SD POSOCJE"]

1. Nf3 Nf6 2. g3 d5 3. Bg2 Nc6 4. O-O e5 5. d3 Be7 6. Nbd2 O-O 7. e4 Re8 8.
exd5 Nxd5 9. Re1 Bc5 10. c3 Bg4 11. Qa4 Bxf3 12. Nxf3 Qd6 13. Bd2 b5 14. Qb3
Red8 15. Rad1 Rab8 16. Bg5 f6 17. d4 exd4 18. Bf4 Qd7 19. Bxc7 Qxc7 20. Nxd4
Bxd4 21. Bxd5+ Kh8 22. cxd4 Na5 23. Qf3 Qd6 24. Be4 g6 25. b3 f5 26. d5 Rbc8
27. Bb1 b4 28. Re6 Qf8 29. d6 Rd7 30. Qd5 Nc6 31. Bd3 Nb8 32. Bb5 Rdd8 33. Re7
Qf6 34. Rxa7 Rc2 35. Qb7 1-0

[Event "2. CLANSKA LIGA ZAHOD 2014"]
[Site "Ljubljana"]
[Date "2014.11.08"]
[Round "7.3"]
[White "Raspor, Gregor"]
[Black "Pucelj, Joze"]
[Result "1/2-1/2"]
[WhiteElo "2068"]
[BlackElo "2099"]
[PlyCount "38"]
[EventDate "2014.11.08"]
[WhiteTeam "SD POSOCJE"]
[BlackTeam "SK DOLENJSKE TOPLICE"]

1. d4 Nf6 2. c4 c5 3. d5 e6 4. Nc3 exd5 5. cxd5 d6 6. e4 g6 7. Nf3 Bg7 8. Be2
O-O 9. O-O a6 10. a4 Nbd7 11. Bf4 Qe7 12. Nd2 Rb8 13. a5 Ne5 14. h3 Ne8 15. Bh2
g5 16. f4 Ng6 17. fxg5 Qxg5 18. Nf3 Qe3+ 19. Kh1 Bxc3 1/2-1/2

[Event "2. CLANSKA LIGA ZAHOD 2014"]
[Site "Ljubljana"]
[Date "2014.11.08"]
[Round "7.4"]
[White "Muhic, Jure"]
[Black "Ursic, Mateja"]
[Result "0-1"]
[WhiteElo "1779"]
[BlackElo "2034"]
[PlyCount "122"]
[EventDate "2014.11.08"]
[WhiteTeam "SK DOLENJSKE TOPLICE"]
[BlackTeam "SD POSOCJE"]

1. g3 e5 2. c4 Nf6 3. Nc3 Nc6 4. Bg2 Bc5 5. Nf3 d6 6. O-O O-O 7. Na4 Bb6 8.
Nxb6 axb6 9. d4 Bg4 10. d5 Ne7 11. b3 Qd7 12. Bb2 Bh3 13. a4 Bxg2 14. Kxg2 Ne4
15. Qc2 f5 16. Ng1 Ng6 17. f3 Nc5 18. Ba3 Qe7 19. Bxc5 bxc5 20. Nh3 h6 21. e3
Rae8 22. Rae1 Qf6 23. f4 e4 24. Nf2 Rf7 25. Nd1 Nf8 26. Qe2 Nd7 27. Rg1 Kh7 28.
h3 g5 29. Qb2 Kg6 30. Qxf6+ Kxf6 31. Nc3 Nb8 32. Ref1 Na6 33. fxg5+ hxg5 34. g4
Ke5 35. Rxf5+ Rxf5 36. gxf5 Rf8 37. Rf1 Rxf5 38. Rxf5+ Kxf5 39. Kg3 Nb4 40. Nb5
Nc2 41. Kf2 Na1 42. Nxc7 Nxb3 43. Nb5 Ke5 44. Ke2 Nc1+ 45. Kf2 Nd3+ 46. Kg3 Nb2
47. Na3 Nd1 48. Nc2 b6 49. Kg4 Kf6 50. h4 gxh4 51. Kxh4 Kf5 52. Kh3 Nb2 53. Na3
Nxa4 54. Kg3 Nb2 55. Kf2 Kg4 56. Ke2 Kg3 57. Kd2 Kf2 58. Kc2 Nd3 59. Kd2 Ne5
60. Kc3 Kxe3 61. Nb5 Nf7 0-1

[Event "2. CLANSKA LIGA ZAHOD 2014"]
[Site "Ljubljana"]
[Date "2014.11.08"]
[Round "7.5"]
[White "Ursic, Jakob"]
[Black "Janko, Roman"]
[Result "1-0"]
[WhiteElo "1952"]
[BlackElo "1835"]
[PlyCount "63"]
[EventDate "2014.11.08"]
[WhiteTeam "SD POSOCJE"]
[BlackTeam "SK DOLENJSKE TOPLICE"]

1. e4 Nf6 2. Nc3 e5 3. Nf3 Nc6 4. d4 exd4 5. Nxd4 Bb4 6. Nxc6 bxc6 7. Bd3 O-O
8. O-O h6 9. e5 Bxc3 10. bxc3 Nh7 11. Qh5 Qe8 12. Qf5 g6 13. Qh3 Qxe5 14. Qxh6
d6 15. Bd2 Be6 16. Rfe1 Qf6 17. Re4 Rfe8 18. Rae1 d5 19. Re5 c5 20. c4 c6 21.
cxd5 cxd5 22. c4 dxc4 23. Bxc4 Nf8 24. Rxc5 Bxc4 25. Rxc4 Rxe1+ 26. Bxe1 Re8
27. Rc1 Nh7 28. h4 Qg7 29. Qf4 Qe5 30. Qxe5 Rxe5 31. Rc8+ Kg7 32. Bc3 1-0

[Event "2. CLANSKA LIGA ZAHOD 2014"]
[Site "Ljubljana"]
[Date "2014.11.08"]
[Round "7.6"]
[White "Gorse, Damjan"]
[Black "Hozjan, Erik"]
[Result "1/2-1/2"]
[WhiteElo "1777"]
[BlackElo "1848"]
[PlyCount "26"]
[EventDate "2014.11.08"]
[WhiteTeam "SK DOLENJSKE TOPLICE"]
[BlackTeam "SD POSOCJE"]

1. Nf3 c5 2. g3 Nc6 3. Bg2 g6 4. c4 Bg7 5. Nc3 e6 6. e3 Nge7 7. d4 O-O 8. O-O
d6 9. Ne2 b6 10. b3 Bb7 11. Bb2 Qc7 12. dxc5 dxc5 13. Bxg7 Kxg7 1/2-1/2

[Event "2. CLANSKA LIGA ZAHOD 2014"]
[Site "Ljubljana"]
[Date "2014.11.08"]
[Round "7.1"]
[White "Ribicic, Marko"]
[Black "Jukan, Nesib"]
[Result "0-1"]
[WhiteElo "1830"]
[BlackElo "2015"]
[PlyCount "104"]
[EventDate "2014.11.08"]
[WhiteTeam "SD PIRAN"]
[BlackTeam "SK TRZIN"]

1. Nf3 Nf6 2. d4 e6 3. e3 c5 4. c4 cxd4 5. exd4 d5 6. Nc3 Nc6 7. Bg5 Be7 8.
cxd5 Nxd5 9. Bxe7 Ncxe7 10. Bb5+ Bd7 11. Bxd7+ Qxd7 12. Ne5 Qd6 13. Qa4+ Nc6
14. Nxd5 {(=)} Qxd5 15. Nxc6 Qe4+ 16. Kf1 bxc6 17. Re1 Qd3+ 18. Kg1 O-O 19. h3
Qd2 20. Kh2 Qf4+ 21. Kg1 c5 22. g3 Qxd4 23. Qxd4 cxd4 24. Kg2 Rab8 25. Re2 Rfc8
26. Rd1 Rd8 27. b3 Rb5 28. f4 Rbd5 29. Rd3 R8d6 30. g4 f6 31. Kf3 Kf7 32. Rc2
e5 33. Rc7+ Rd7 34. Rxd7+ Rxd7 35. Ke4 Ke6 36. h4 Rc7 37. h5 Rc2 38. f5+ Kd6
39. Rh3 h6 40. a3 a5 41. Rg3 Rc1 42. b4 axb4 43. axb4 Re1+ 44. Kd3 Kd5 45. Kd2
Ra1 46. b5 Kc4 47. b6 Ra2+ 48. Kc1 Ra6 49. b7 Rb6 50. Rh3 Rxb7 51. g5 hxg5 52.
h6 gxh6 0-1

[Event "2. CLANSKA LIGA ZAHOD 2014"]
[Site "Ljubljana"]
[Date "2014.11.08"]
[Round "7.2"]
[White "Rojs, Igor"]
[Black "Grein, Bogomir"]
[Result "1-0"]
[WhiteElo "1972"]
[BlackElo "1778"]
[PlyCount "79"]
[EventDate "2014.11.08"]
[WhiteTeam "SK TRZIN"]
[BlackTeam "SD PIRAN"]

1. d4 d6 2. Nf3 Bg4 3. e4 c6 4. Bd3 Qc7 5. O-O e5 6. c3 Be7 7. h3 Bh5 8. Nbd2
Nf6 9. Re1 O-O 10. Nf1 h6 11. Ng3 Bg6 12. Nh4 Re8 13. Qb3 Bh7 14. Nhf5 Bf8 15.
a4 a5 16. Bd2 Kh8 17. Re2 Ng8 18. Bc4 f6 19. Rf1 Nd7 20. Bf7 Reb8 21. Bc4 Ne7
22. Nxe7 Bxe7 23. f4 d5 24. exd5 cxd5 25. Bb5 Bg8 26. Nf5 Bf8 27. dxe5 fxe5 28.
Bxd7 Qxd7 29. Rxe5 b5 30. axb5 Rxb5 31. Qa4 Qb7 32. Bc1 Bh7 33. Qd1 Rb6 34. Qf3
Rd8 35. g4 g5 36. Rfe1 Qf7 37. Qe2 Bg6 38. Re6 Rdb8 39. Qe5+ Kg8 40. Ne7+ 1-0

[Event "2. CLANSKA LIGA ZAHOD 2014"]
[Site "Ljubljana"]
[Date "2014.11.08"]
[Round "7.4"]
[White "Troha, Bogomir"]
[Black "Gasparic, Stojan"]
[Result "1-0"]
[WhiteElo "1912"]
[BlackElo "1511"]
[PlyCount "58"]
[EventDate "2014.11.08"]
[WhiteTeam "SK TRZIN"]
[BlackTeam "SD PIRAN"]

1. c4 Nf6 2. Nf3 g6 3. g3 Bg7 4. Bg2 c5 5. Nc3 Nc6 6. O-O O-O 7. d4 cxd4 8.
Nxd4 Nxd4 9. Qxd4 d6 10. Qd1 Rb8 11. Rb1 a6 12. a4 Be6 13. b3 Qc7 14. Bb2 Rfc8
15. e4 Qc5 16. h3 Nh5 17. Kh2 b5 18. axb5 Bxc3 19. Bxc3 axb5 20. Bd4 Qb4 21.
cxb5 Rxb5 22. Be3 Bxb3 23. Qg4 Rc2 24. Qd7 Rb7 25. Qg4 Qc3 26. Bh6 Be6 27. Qh4
Rxb1 28. Rxb1 f6 29. Rb8+ Bc8 {nejasno (35)} 1-0

[Event "2. CLANSKA LIGA ZAHOD 2014"]
[Site "Ljubljana"]
[Date "2014.11.08"]
[Round "7.5"]
[White "Ploc, Albert"]
[Black "Bajec, Borut"]
[Result "1-0"]
[WhiteElo "1500"]
[BlackElo "1804"]
[PlyCount "44"]
[EventDate "2014.11.08"]
[WhiteTeam "SD PIRAN"]
[BlackTeam "SK TRZIN"]

1. e4 c5 2. Bc4 Nc6 3. Nf3 d6 4. h3 Nf6 5. Nc3 e6 6. O-O Be7 7. d4 cxd4 8. Nxd4
O-O 9. Nf3 a6 10. a4 Bd7 11. Bd2 Rc8 12. Bd3 Nb4 13. Ne2 Nxd3 14. cxd3 b5 15.
e5 Nd5 16. a5 Bc6 17. Ned4 Bb7 18. b4 dxe5 19. Nxe5 Nxb4 20. Qg4 f5 21. Qg3
Qxd4 22. Bxb4 Bxb4 1-0

[Event "2. CLANSKA LIGA ZAHOD 2014"]
[Site "Ljubljana"]
[Date "2014.11.08"]
[Round "7.1"]
[White "Mlakar, Slavko"]
[Black "Stih, Metka"]
[Result "1-0"]
[WhiteElo "1708"]
[BlackElo "1500"]
[PlyCount "87"]
[EventDate "2014.11.08"]
[WhiteTeam "SK TRZIN"]
[BlackTeam "SD PIRAN"]

1. e4 e5 2. Nf3 Nc6 3. Bb5 Nf6 4. O-O Be7 5. Re1 O-O 6. Bxc6 dxc6 7. Nxe5 Bc5
8. c3 Bb6 9. d3 Qd6 10. Nc4 Qe6 11. Nxb6 axb6 12. Bf4 Qd7 13. Na3 b5 14. Nc2 c5
15. Ne3 g6 16. h3 Nh5 17. Bh2 Ra6 18. Nd5 c6 19. Ne3 Qe6 20. a3 Bd7 21. Qc2 Qf6
22. Qd2 Re8 23. Nf1 Re5 24. Bxe5 Qxe5 25. Re3 Qf6 26. Rf3 Qe7 27. Rd1 Ra8 28.
Qe3 Re8 29. Nd2 b6 30. Ra1 Kh8 31. a4 Rf8 32. axb5 cxb5 33. Ra7 Qe6 34. d4 cxd4
35. Qxd4+ Ng7 36. Qxd7 Qe8 37. Rxf7 Qxf7 38. Qxf7 Rxf7 39. Rxf7 h5 40. Rb7 Ne6
41. Rxb6 Nf4 42. Rxb5 g5 43. Rxg5 Ne2+ 44. Kf1 1-0

[Event "2. CLANSKA LIGA ZAHOD 2014"]
[Site "Ljubljana"]
[Date "2014.11.08"]
[Round "8.1"]
[White "Krumpak, Hinko"]
[Black "Jukan, Nesib"]
[Result "1-0"]
[WhiteElo "2140"]
[BlackElo "2015"]
[PlyCount "143"]
[EventDate "2014.11.08"]
[WhiteTeam "SK VISNJA GORA - STICNA"]
[BlackTeam "SK TRZIN"]

1. Nf3 Nf6 2. g3 e6 3. b3 d5 4. Bb2 c5 5. Bg2 Nc6 6. d4 Be7 7. O-O O-O 8. Nbd2
Bd7 9. c4 Nxd4 10. Nxd4 cxd4 11. cxd5 Nxd5 12. Bxd4 Bc6 13. Nc4 Bf6 14. Bxf6
Qxf6 15. e4 Nc3 16. Qc2 Qd4 17. Rac1 Nb5 18. a4 Nc7 19. Na5 Qb6 20. Nxc6 bxc6
21. Qxc6 Na6 22. Qxb6 axb6 23. Rc6 Rab8 24. a5 Nb4 25. Rxb6 Rxb6 26. axb6 Rb8
27. Rd1 Kf8 28. Rd6 Ke7 29. e5 f6 30. f4 fxe5 31. fxe5 Nd5 32. Bxd5 exd5 33.
Kf2 Rc8 34. b7 Rb8 35. Rb6 Kd7 36. Ke3 Kc7 37. Rb4 Kc6 38. Kd4 h5 39. h4 g6 40.
e6 Kd6 41. e7 Kxe7 42. Rb6 Kd7 43. Rxg6 Kc7 44. Kxd5 Kxb7 45. Kc5 Rc8+ 46. Kb5
Rh8 47. Rg7+ Kb8 48. b4 Rh6 49. Kc5 Kc8 50. b5 Kb8 51. b6 Rh8 52. Kd5 Rh6 53.
b7 Ra6 54. Ke5 Rb6 55. Kf5 Rb3 56. Rg5 Kxb7 57. Kg6 Kc7 58. Kxh5 Kd7 59. g4 Ke7
60. Rf5 Rb8 61. Kg5 Rg8+ 62. Kf4 Ke6 63. g5 Ra8 64. Rf6+ Ke7 65. h5 Ra1 66. Kf5
Ra8 67. h6 Rh8 68. Kg6 Rg8+ 69. Kh5 Rh8 70. Ra6 Rb8 71. Ra7+ Kf8 72. h7 1-0

[Event "2. CLANSKA LIGA ZAHOD 2014"]
[Site "Ljubljana"]
[Date "2014.11.08"]
[Round "8.2"]
[White "Rojs, Igor"]
[Black "Sotirov, Pavle"]
[Result "1-0"]
[WhiteElo "1972"]
[BlackElo "1867"]
[PlyCount "125"]
[EventDate "2014.11.08"]
[WhiteTeam "SK TRZIN"]
[BlackTeam "SK VISNJA GORA - STICNA"]

1. d4 Nf6 2. Bg5 h6 3. Bh4 e6 4. Nf3 Be7 5. c4 d5 6. e3 c6 7. Nc3 Nbd7 8. Bd3
dxc4 9. Bxc4 Nd5 10. Bxe7 Qxe7 11. Bd3 e5 12. Nxd5 cxd5 13. Nxe5 Nxe5 14. dxe5
Qxe5 15. Bb5+ Ke7 16. Qd2 Rd8 17. O-O Kf8 18. Rfd1 Be6 19. Rac1 Rac8 20. b3 b6
21. Ba6 Rxc1 22. Rxc1 g5 23. h3 Ke7 24. f4 gxf4 25. exf4 Qd6 26. Qf2 Bf5 27.
Qd4 Rg8 28. Kh2 Be4 29. g3 h5 30. h4 Rg4 31. Qe5+ Qxe5 32. fxe5 Ke6 33. Bc8+
Kxe5 34. Bxg4 hxg4 35. Kg1 f5 36. Kf2 f4 37. Rd1 Bf3 38. Rg1 d4 39. Re1+ Kf5
40. Re8 fxg3+ 41. Kxg3 d3 42. Rf8+ Kg6 43. Rxf3 gxf3 44. Kxf3 Kh5 45. Ke3 d2
46. Kxd2 Kxh4 47. Kd3 Kg5 48. Kc4 a6 49. Kd5 Kf5 50. Kc6 b5 51. Kb6 b4 52. Kxa6
Ke6 53. Kb5 Kd6 54. Kxb4 Kc6 55. Ka5 Kb7 56. Kb5 Kc7 57. Ka6 Kb8 58. Kb6 Ka8
59. a4 Kb8 60. a5 Ka8 61. b4 Kb8 62. b5 Ka8 63. Kc7 1-0

[Event "2. CLANSKA LIGA ZAHOD 2014"]
[Site "Ljubljana"]
[Date "2014.11.08"]
[Round "8.3"]
[White "Perovsek, Milan"]
[Black "Bajec, Borut"]
[Result "0-1"]
[WhiteElo "1812"]
[BlackElo "1804"]
[PlyCount "78"]
[EventDate "2014.11.08"]
[WhiteTeam "SK VISNJA GORA - STICNA"]
[BlackTeam "SK TRZIN"]

1. e4 c5 2. Nf3 Nc6 3. d4 cxd4 4. Nxd4 d6 5. Nc3 Nf6 6. Be2 e6 7. O-O Be7 8.
Kh1 O-O 9. f4 Bd7 10. Nf3 h6 11. Ng1 Rc8 12. Nh3 e5 13. f5 Nd4 14. Bd3 Bc6 15.
Qe1 d5 16. exd5 Nxd5 17. Qxe5 Bf6 18. Qg3 Kh8 19. Ne4 Nb4 20. Nxf6 Nxd3 21. Nh5
Nxf5 22. Qxd3 Nh4 23. N3f4 Qxd3 24. cxd3 g5 25. Ne2 Bxg2+ 26. Kg1 Bxf1 27. Kxf1
Rc2 28. Be3 f5 29. Bxa7 f4 30. Rc1 Rfc8 31. Bd4+ Kh7 32. Rxc2 Rxc2 33. Nf6+ Kg6
34. Ng4 h5 35. Nf2 f3 36. Nc3 Nf5 37. Be5 Ne3+ 38. Ke1 Rxb2 39. Nce4 Re2# 0-1

[Event "2. CLANSKA LIGA ZAHOD 2014"]
[Site "Ljubljana"]
[Date "2014.11.08"]
[Round "8.4"]
[White "Markic, Vladimir"]
[Black "Lesjak, Damjan"]
[Result "1-0"]
[WhiteElo "1722"]
[BlackElo "1815"]
[PlyCount "25"]
[EventDate "2014.11.08"]
[WhiteTeam "SK TRZIN"]
[BlackTeam "SK VISNJA GORA - STICNA"]

1. d4 d5 2. Nf3 Nc6 3. Bf4 e6 4. e3 Nf6 5. Bd3 Bd6 6. Bg3 O-O 7. O-O Nb4 8. Be2
Ne4 9. c3 Nxg3 10. hxg3 Nc6 11. Nbd2 Ne7 12. e4 dxe4 13. Nxe4 1-0

[Event "2. CLANSKA LIGA ZAHOD 2014"]
[Site "Ljubljana"]
[Date "2014.11.08"]
[Round "8.5"]
[White "Jese, Janez"]
[Black "Konvalinka, Kostja"]
[Result "1-0"]
[WhiteElo "1846"]
[BlackElo "1690"]
[PlyCount "69"]
[EventDate "2014.11.08"]
[WhiteTeam "SK TRZIN"]
[BlackTeam "SK VISNJA GORA - STICNA"]

1. e4 c5 2. Nf3 d6 3. d4 cxd4 4. Nxd4 Nf6 5. Nc3 g6 6. f3 Bg7 7. Be3 O-O 8. Qd2
Nc6 9. O-O-O Nxd4 10. Bxd4 Be6 11. Kb1 Qc7 12. g4 Rfc8 13. h4 Qa5 14. a3 Bc4
15. h5 Bxf1 16. hxg6 hxg6 17. Rdxf1 Rc4 18. Rh3 Nxe4 19. fxe4 Bxd4 20. Qf4 f6
21. Nd5 Re8 22. Qh6 Kf7 23. g5 Qd2 24. Rh2 Qa5 25. gxf6 exf6 26. Qh7+ Ke6 27.
Nf4+ Ke5 28. Nxg6+ Kxe4 29. Ne7+ f5 30. Re2+ Be3 31. Rfe1 Rc3 32. bxc3 Qb6+ 33.
Ka2 Qc5 34. Rxe3+ Qxe3 35. Qxf5# 1-0

[Event "2. CLANSKA LIGA ZAHOD 2014"]
[Site "Ljubljana"]
[Date "2014.11.08"]
[Round "8.6"]
[White "Mihelic, Mitja"]
[Black "Marek, Ivan"]
[Result "1/2-1/2"]
[WhiteElo "1674"]
[BlackElo "1822"]
[PlyCount "23"]
[EventDate "2014.11.08"]
[WhiteTeam "SK TRZIN"]
[BlackTeam "SK VISNJA GORA - STICNA"]

1. d4 Nf6 2. Nf3 e6 3. e3 c5 4. c4 d5 5. Nc3 Nc6 6. Be2 Be7 7. O-O O-O 8. dxc5
Bxc5 9. cxd5 exd5 10. Na4 Be7 11. b3 Be6 12. Bb2 1/2-1/2

[Event "2. CLANSKA LIGA ZAHOD 2014"]
[Site "Ljubljana"]
[Date "2014.11.08"]
[Round "8.1"]
[White "Lucovnik, Tilen"]
[Black "Biti, Ozren"]
[Result "0-1"]
[WhiteElo "1992"]
[BlackElo "2354"]
[PlyCount "102"]
[EventDate "2014.11.08"]
[WhiteTeam "SK KOMENDA"]
[BlackTeam "SD POSOCJE"]

1. e4 d6 2. d4 Nf6 3. Nc3 e5 4. Nf3 Nbd7 5. Bc4 Be7 6. O-O O-O 7. Re1 c6 8. a4
a5 9. b3 Nb6 10. Bf1 exd4 11. Nxd4 d5 12. e5 Ne8 13. Qf3 g6 14. Nce2 Ng7 15.
Qd3 Nd7 16. Ng3 Nc5 17. Qd2 Nce6 18. Bb2 Bb4 19. Bc3 Bxc3 20. Qxc3 Qb6 21. Rad1
Bd7 22. Be2 Nxd4 23. Qxd4 Qxd4 24. Rxd4 Ne6 25. Rdd1 Nc5 26. Bd3 Rae8 27. h3
Re7 28. Re2 Rfe8 29. Rde1 Bc8 30. Re3 b6 31. f4 f6 32. Kf2 fxe5 33. Rxe5 Rxe5
34. fxe5 Nd7 35. e6 Nc5 36. e7 Kf7 37. h4 Rxe7 38. Rxe7+ Kxe7 39. h5 Nxd3+ 40.
cxd3 gxh5 41. Nxh5 Bg4 42. Ng3 Kf6 43. Ke1 Ke5 44. Kd2 h5 45. Nf1 d4 46. g3 Bh3
47. Nh2 Bg2 48. Kd1 Kf5 49. Kd2 Kg5 50. Ke2 Bd5 51. Nf3+ Kg4 0-1

[Event "2. CLANSKA LIGA ZAHOD 2014"]
[Site "Ljubljana"]
[Date "2014.11.08"]
[Round "8.2"]
[White "Vandersmissen, Mathieu"]
[Black "Kralj, Samo"]
[Result "1/2-1/2"]
[WhiteElo "2117"]
[BlackElo "1987"]
[PlyCount "88"]
[EventDate "2014.11.08"]
[WhiteTeam "SD POSOCJE"]
[BlackTeam "SK KOMENDA"]

1. g3 g6 2. d3 Bg7 3. c3 c5 4. Nd2 Nc6 5. e4 d6 6. Nh3 e6 7. f4 Nge7 8. Nf2 b5
9. Bg2 Rb8 10. O-O O-O 11. Nf3 b4 12. Qc2 bxc3 13. bxc3 Ba6 14. Bd2 Qa5 15.
Rab1 Rxb1 16. Rxb1 Rb8 17. Rxb8+ Nxb8 18. g4 Nbc6 19. Ng5 h6 20. Nf3 Bb5 21. h3
Ba4 22. Qb2 Qb5 23. Qc1 Kh7 24. Kh2 Nb8 25. Bf1 Qb7 26. Kg3 Nd7 27. Bg2 Bc6 28.
Qc2 Nb6 29. Kh2 Na4 30. d4 Qb2 31. Qxb2 Nxb2 32. Kg3 Nc4 33. Bc1 f5 34. exf5
exf5 35. Bf1 Bd5 36. dxc5 dxc5 37. Nd3 Bxc3 38. Nxc5 Nd6 39. a3 Nc6 40. Nd7
Ne4+ 41. Kh2 Nd4 42. Nfe5 Ne6 43. Bc4 Bxc4 44. Nxc4 Bd4 1/2-1/2

[Event "2. CLANSKA LIGA ZAHOD 2014"]
[Site "Ljubljana"]
[Date "2014.11.08"]
[Round "8.3"]
[White "Leonardi, Caterina"]
[Black "Raspor, Gregor"]
[Result "1-0"]
[WhiteElo "1984"]
[BlackElo "2068"]
[PlyCount "67"]
[EventDate "2014.11.08"]
[WhiteTeam "SK KOMENDA"]
[BlackTeam "SD POSOCJE"]

1. d4 Nf6 2. c4 e6 3. Nf3 b6 4. g3 Bb7 5. Bg2 Be7 6. O-O O-O 7. Nc3 Ne4 8. Qc2
Nxc3 9. Qxc3 c5 10. e3 d6 11. b3 cxd4 12. exd4 Bf6 13. Bb2 Nd7 14. Rad1 Qc7 15.
Qd2 a6 16. Ba3 Rfd8 17. Rc1 Qb8 18. d5 e5 19. Qb4 Be7 20. Bh3 Qa7 21. Nd2 Nc5
22. Qc3 b5 23. Bxc5 Qxc5 24. Ne4 Qb6 25. Rfd1 Bc8 26. Bg2 Bg4 27. Rd3 Rac8 28.
c5 dxc5 29. Qxe5 Bf8 30. Qf4 Qg6 31. Rdc3 b4 32. Re3 Bf5 33. Nd2 Bd6 34. Qc4
1-0

[Event "2. CLANSKA LIGA ZAHOD 2014"]
[Site "Ljubljana"]
[Date "2014.11.08"]
[Round "8.4"]
[White "Ursic, Mateja"]
[Black "Kobold, Andrej"]
[Result "1/2-1/2"]
[WhiteElo "2034"]
[BlackElo "1923"]
[PlyCount "65"]
[EventDate "2014.11.08"]
[WhiteTeam "SD POSOCJE"]
[BlackTeam "SK KOMENDA"]

1. e4 e5 2. Nf3 Nc6 3. Nc3 Nf6 4. d4 exd4 5. Nxd4 Bb4 6. Nxc6 bxc6 7. Bd3 d5 8.
exd5 cxd5 9. O-O O-O 10. Bg5 c6 11. Qf3 Bd6 12. Rae1 h6 13. Bxf6 Qxf6 14. Qxf6
gxf6 15. Ne2 Rb8 16. b3 Bd7 17. Ng3 Be5 18. Nf5 Bxf5 19. Bxf5 c5 20. Re3 Rfe8
21. Rd1 Rbd8 22. Red3 d4 23. Rh3 Kg7 24. Rh4 Bc7 25. Rg4+ Kf8 26. Bh7 Re5 27.
Rg8+ Ke7 28. Rxd8 Bxd8 29. Bd3 Ba5 30. g3 Ke6 31. Kg2 Re1 32. Rxe1+ Bxe1 33.
Kf3 1/2-1/2

[Event "2. CLANSKA LIGA ZAHOD 2014"]
[Site "Ljubljana"]
[Date "2014.11.08"]
[Round "8.5"]
[White "Markosek, Maj"]
[Black "Ursic, Jakob"]
[Result "0-1"]
[WhiteElo "1728"]
[BlackElo "1952"]
[PlyCount "114"]
[EventDate "2014.11.08"]
[WhiteTeam "SK KOMENDA"]
[BlackTeam "SD POSOCJE"]

1. d4 d5 2. c4 e6 3. Nc3 Nf6 4. Bg5 Be7 5. Nf3 Nbd7 6. e3 b6 7. cxd5 Nxd5 8.
Bxe7 Nxe7 9. Bd3 Bb7 10. Rc1 O-O 11. O-O Ng6 12. Be4 c6 13. Nb5 Nf6 14. Nc3
Nxe4 15. Nxe4 c5 16. Ned2 cxd4 17. exd4 Qd5 18. b3 Rac8 19. Qe2 Nf4 20. Qe3 Qf5
21. Rxc8 Rxc8 22. Kh1 Qg4 23. Rg1 Rc1 24. g3 Nd5 25. Qe5 Rc8 26. Re1 Nb4 27.
Kg2 Nd3 28. h3 Nc1 29. Rxc1 Qf5 30. Qe3 Rxc1 31. g4 Qd5 32. Kg3 Qd6+ 33. Kg2
Qc6 34. Qg5 Qc7 35. Qb5 Bc6 36. Qd3 Bd5 37. Qb5 Qc6 38. Qd3 Rc3 39. Qe2 Rc2 40.
Qe3 Rxd2 41. Qxd2 Bxf3+ 42. Kg3 Bd5 43. Qf4 Qc8 44. h4 h6 45. g5 hxg5 46. hxg5
Qc3+ 47. f3 Qe1+ 48. Kg2 Qe2+ 49. Kg3 Qxa2 50. b4 Qa3 51. Qb8+ Kh7 52. Qf4 Qxb4
53. Qxf7 Qe1+ 54. Kf4 Qh4+ 55. Ke5 Qxg5+ 56. Kd6 Qd8+ 57. Ke5 Qb8+ 0-1

[Event "2. CLANSKA LIGA ZAHOD 2014"]
[Site "Ljubljana"]
[Date "2014.11.08"]
[Round "8.6"]
[White "Hozjan, Erik"]
[Black "Unuk, Jan"]
[Result "1-0"]
[WhiteElo "1848"]
[BlackElo "1566"]
[PlyCount "73"]
[EventDate "2014.11.08"]
[WhiteTeam "SD POSOCJE"]
[BlackTeam "SK KOMENDA"]

1. e4 e6 2. d4 d5 3. Nd2 Nf6 4. e5 Nfd7 5. Bd3 c5 6. c3 Nc6 7. Ngf3 f6 8. exf6
Nxf6 9. O-O Bd6 10. dxc5 Bxc5 11. Qe2 O-O 12. Nb3 Bd6 13. Nbd4 Re8 14. Nxc6
bxc6 15. Ne5 Qc7 16. f4 c5 17. g4 Nd7 18. Bxh7+ Kxh7 19. g5 g6 20. Nxg6 Kxg6
21. f5+ Kg7 22. f6+ Kf8 23. g6 Nxf6 24. Rxf6+ Kg8 25. Bh6 Bb7 26. Rf7 Qc6 27.
Rg7+ Kh8 28. Rh7+ Kg8 29. Qf3 Rf8 30. Bxf8 Rxf8 31. Rf7 Qe8 32. Rf1 Qb8 33. Qh5
Bxh2+ 34. Qxh2 Qxh2+ 35. Kxh2 Rb8 36. g7 Bc8 37. Rc7 1-0

[Event "2. CLANSKA LIGA ZAHOD 2014"]
[Site "Ljubljana"]
[Date "2014.11.08"]
[Round "8.1"]
[White "Solmajer, Luka"]
[Black "Anakiev, Dimitar"]
[Result "1-0"]
[WhiteElo "2080"]
[BlackElo "2042"]
[PlyCount "109"]
[EventDate "2014.11.08"]
[WhiteTeam "SD KC LJUBLJANA"]
[BlackTeam "SD RADOVLJICA"]

1. d4 Nf6 2. c4 g6 3. Nc3 Bg7 4. e4 O-O 5. e5 Ne8 6. f4 d6 7. Nf3 dxe5 8. fxe5
c5 9. d5 Bg4 10. Bf4 Nd7 11. Qe2 Qb8 12. d6 exd6 13. exd6 Nef6 14. O-O-O Re8
15. Qd2 a6 16. Be2 b5 17. h3 Bf5 18. Bh6 Bh8 19. Bd3 Qxd6 20. Bxf5 Qxd2+ 21.
Rxd2 gxf5 22. Rhd1 Nf8 23. cxb5 axb5 24. Nxb5 Ne6 25. Nd6 Ne4 26. Nxe8 Nxd2 27.
Nd6 Ne4 28. Nxf5 Bf6 29. Nd6 Nxd6 30. Rxd6 Rxa2 31. Rb6 Ra8 32. g4 Rd8 33. Kc2
Re8 34. Rd6 Rb8 35. b3 Re8 36. Bd2 Ra8 37. Rc6 Kf8 38. Bc3 Kg7 39. Bxf6+ Kxf6
40. Kc3 Rd8 41. Nh4 Rd7 42. Rc8 Rd8 43. Rxd8 Nxd8 44. Kc4 Ke5 45. Kxc5 Ne6+ 46.
Kb6 Kf4 47. Nf5 Kf3 48. Nh6 Kg3 49. Nxf7 Nd4 50. b4 Nc2 51. b5 Nd4 52. Ng5 h6
53. Nf7 Kxh3 54. Nxh6 Kh4 55. Nf5+ 1-0

[Event "2. CLANSKA LIGA ZAHOD 2014"]
[Site "Ljubljana"]
[Date "2014.11.08"]
[Round "8"]
[White "Buha, Drago"]
[Black "Persl, Bojan"]
[Result "1-0"]
[WhiteElo "2008"]
[BlackElo "2083"]
[PlyCount "93"]
[EventDate "2014.11.08"]
[WhiteTeam "SD RADOVLJICA"]
[BlackTeam "SD KC LJUBLJANA"]

1. e4 e5 2. Nf3 Nc6 3. Nc3 Nf6 4. Bb5 d6 5. O-O Bd7 6. h3 Be7 7. d3 O-O 8. Be3
a6 9. Ba4 b5 10. Bb3 Na5 11. Nd2 Nxb3 12. Nxb3 c5 13. Nd2 Bc6 14. f4 exf4 15.
Bxf4 Qb6 16. Qf3 Qb7 17. Qg3 Nh5 18. Qg4 Nxf4 19. Qxf4 Rad8 20. Rab1 f5 21. Qg3
fxe4 22. Rxf8+ Rxf8 23. Ndxe4 d5 24. Nd2 Rf6 25. Rf1 b4 26. Rxf6 bxc3 27. Rf2
cxd2 28. Rxd2 Bf6 29. c3 d4 30. c4 Qe7 31. Qb8+ Kf7 32. Rf2 Bb7 33. a3 h6 34.
Kf1 Kg6 35. Re2 Qf7 36. Rf2 Qd7 37. b4 cxb4 38. axb4 Qc6 39. Qf4 Bc8 40. Rf3
Be6 41. h4 h5 42. Rf2 Qb6 43. Qe4+ Kf7 44. Re2 Qd6 45. g3 Bd7 46. Kf2 Bg4 47.
Qe8# 1-0

[Event "2. CLANSKA LIGA ZAHOD 2014"]
[Site "Ljubljana"]
[Date "2014.11.08"]
[Round "8.3"]
[White "Sadikov, Aleksander"]
[Black "Kocevar, Tugomir"]
[Result "0-1"]
[WhiteElo "1981"]
[BlackElo "2006"]
[PlyCount "133"]
[EventDate "2014.11.08"]
[WhiteTeam "SD KC LJUBLJANA"]
[BlackTeam "SD RADOVLJICA"]

1. e4 d5 2. exd5 Qxd5 3. d4 Nc6 4. Nf3 Bg4 5. Be2 Nf6 6. Be3 e6 7. c4 Bb4+ 8.
Nc3 Qa5 9. Qb3 O-O-O 10. O-O b6 11. Rfd1 Rd7 12. d5 Bxf3 13. Bxf3 Ne5 14. Be2
Bxc3 15. bxc3 exd5 16. c5 Rhd8 17. Rd4 Ne4 18. cxb6 axb6 19. Rc1 Nc5 20. Qc2 g6
21. Rb4 f5 22. Qb1 Ne4 23. Bf4 Nc4 24. Bxc4 dxc4 25. Rxc4 Nd2 26. Bxd2 Rxd2 27.
a4 Qd5 28. Rd4 Rxd4 29. cxd4 Qxd4 30. Qc2 Rd7 31. h3 c5 32. a5 Kb7 33. axb6
Kxb6 34. Qb3+ Kc7 35. Rb1 Qb4 36. Qc2 Rd2 37. Qc1 Qd4 38. Qe1 Qe4 39. Qc1 Qc2
40. Qxc2 Rxc2 41. Kf1 c4 42. Ke1 f4 43. h4 h6 44. Ra1 c3 45. Ra4 g5 46. hxg5
hxg5 47. Ra5 Kb6 48. Rxg5 Rxf2 49. g3 c2 50. Rg6+ Kb5 51. Kxf2 c1=Q 52. gxf4
Qxf4+ 53. Kg1 Qe3+ 54. Kh2 Qf2+ 55. Rg2 Qh4+ 56. Kg1 Kc4 57. Ra2 Kb3 58. Rg2
Kc3 59. Ra2 Qe1+ 60. Kh2 Qe5+ 61. Kg1 Qc5+ 62. Kh2 Kd3 63. Rg2 Ke3 64. Rg3+ Kf2
65. Rg2+ Kf1 66. Rg4 Qe3 67. Rh4 0-1